Normal view
MARC view
- جامعة فيلادافيا، أبو أصبع، صالح محرر ومقدم، عبد الخالق، غسان إسماعيل محرر ومقدم
Entry Personal Name
001 - CONTROL NUMBER
- control field: 45978
003 - CONTROL NUMBER IDENTIFIER
- control field: JO-AjAnu
005 - DATE AND TIME OF LATEST TRANSACTION
- control field: 20230606081612.0
008 - FIXED-LENGTH DATA ELEMENTS
- fixed length control field: 230606|| aca||aabn | a|a d
040 ## - CATALOGING SOURCE
- Original cataloging agency: JO-AjAnu
- Transcribing agency: JO-AjAnu
100 ## - HEADING--PERSONAL NAME
- Personal name: جامعة فيلادافيا، أبو أصبع، صالح محرر ومقدم، عبد الخالق، غسان إسماعيل محرر ومقدم
670 ## - SOURCE DATA FOUND
- Source citation: Work cat.: (JO-AjAnu)23538: جامعة فيلادافيا، أبو أصبع، صالح محرر ومقدم، عبد الخالق، غسان إسماعيل محرر ومقدم, author, وسائل الإتصال وثقافة التغيير: أوراق مؤتمر فيلادلفيا الدولي السابع عشر 6 - 8 تشرين الثاني( نوفمبر) 2012 بحوث علمية محكمة